| 000 | 00468 a2200157 4500 | ||
|---|---|---|---|
| 005 | 20250419075415.0 | ||
| 020 | _a0-312-03545-4 | ||
| 082 | _a808.02 KEN | ||
| 100 | _aKENNEDY, X. J. | ||
| 245 | _aThe Bedford Guide for College Writers: With Readings and Handbook | ||
| 250 | _a2nd Ed. | ||
| 260 |
_aBoston, _bBedford Books of ST. Martin's Press _c1977. |
||
| 300 |
_axxii, 819p., table, figure, _bIndex, _c24cm. |
||
| 700 | _aKENNEDY, D. M. | ||
| 942 |
_2ddc _cBKS |
||
| 999 |
_c1581 _d1581 |
||